La garantía por vicios ocultos en la compraventa. Estudio de Derecho privado chileno y colombiano a la luz de las nuevas tendencias en obligaciones y contratos.

Tallennettuna:
Bibliografiset tiedot
Päätekijä: Oviedo Albán, Jorge (autor)
Aineistotyyppi: Kirja
Kieli:espanja
Julkaistu: Bogotá, Colombia: Editorial Temis; Universidad de La Sabana, 2015.
Aiheet:
Tagit: Lisää tagi
Ei tageja, Lisää ensimmäinen tagi!

MARC

LEADER 00000cam a2200000 a 4500
001 UCD6384
003 CL-VaPUC
005 20230103084211.0
008 161201e20150000ck |||||||||||||||||spa|d
999 |c 366737  |d 366735 
020 |a 978-958-35-1083-0 
040 |c Pontificia Universidad Católica de Valparaíso 
082 0 4 |a 346.072 OVI 2015   |2 21 
100 |a Oviedo Albán, Jorge  |e autor  |9 868766 
245 1 3 |a La garantía por vicios ocultos en la compraventa.  |b Estudio de Derecho privado chileno y colombiano a la luz de las nuevas tendencias en obligaciones y contratos. 
260 |a Bogotá, Colombia:  |b Editorial Temis;  |b Universidad de La Sabana,  |c 2015. 
300 |a 424 páginas.  
500 |a c.2 Donación Familia Prof. Alejandro Guzmán Brito. 
583 |a last modification  |c 20161201 17:35:00  |k Rodrigo Vera 
650 0 |a Contratos comerciales  |9 374028 
650 0 |a Contratos de compraventa  |2 CL-VaPUC  |9 397870 
650 0 |a Derecho comercial   |9 256340 
942 |c BK  |2 ddc  |n 0 
945 |d 20161201 17:35:00  |a arojas 
952 |0 0  |1 0  |3 erd  |4 0  |6 346_072000000000000_OVI_2015_2015  |7 0  |8 A  |9 481261  |a BIBDER  |b BIBDER  |i 5354757  |l 11  |o 346.072 OVI 2015 2015  |p 5354757  |r 2024-03-13  |s 2024-03-13  |w 2019-11-24  |y BK  |z Catalogado en:20161201  |k DER 
952 |0 0  |1 0  |2 ddc  |4 0  |6 346_072000000000000_OVI_2015  |7 1  |8 C_AGB  |9 580253  |a BIBDER  |b BIBDER  |d 2022-01-07  |e Donación   |i 5635810  |o 346.072 OVI 2015  |p 5635810  |r 2023-01-25  |t 2  |w 2022-01-07  |y BK_US  |k AGB